Lost Medias-Feldup - Statistiques

Statistiques générales
  • Ce quiz a été pris 3 fois
  • Le résultat moyen est 6 sur 21
Statistiques - réponses
Hint Réponse % Correct
5 Lostboy.exe
67%
2 Super Mario 64 big star secret
67%
3 All lights fucked on the hairy amp drooling
33%
4 Apathy - sacks of people
33%
5 Baby shaker
33%
2 Christinne Chubbuck update
33%
4 Copeland Livestream
33%
1 JO 2012
33%
1 L'accident Double Dare
33%
6 La passion de Jeanne d'Arc
33%
3 Pub police japonaise
33%
3 Rugrats "Incredible"
33%
1 Sesame Street 0847
33%
5 Short Subject
33%
2 Timothy Tradewell tape
33%
4 Toy Box Killer tape
33%
4 Medieval found footage
0%
5 Pseudoscorpion - Zenjin
0%
1 Saki Sanobashi
0%
3 The babushka lady
0%
2 The butcher
0%
Aucun quiz correspondant
Distribution des résultats
% des personnes avec chaque résultat
Percentile par nombre de réponses
Votre historique - résultats
Vous n’avez pas pris ce quiz